000
00228nam a22000857a 4500
008
160916b xxu||||| |||| 00| 0 eng d
100
_9
605
_a
Shankaran.R.
245
_a
Honey Suckle-W.B.-VI
260
_a
New Delhi
_b
APC. Publications
_c
2010
999
_c
3263
_d
3263